000 00593nam a2200157Ia 4500
008 100122s9999 xx 000 0 und d
082 _b45526
_aBM823.08
100 _aटोळ दत्ता
245 _aखानाची फजिती व चार पुस्तिका
250 _a0
260 _bअरगडे कुलकणी प्रकाशन
_c1976
300 _a140
630 _aखानाची फजिती व चार पुस्तिका
730 _aखानाची फजिती व चार पुस्तिका
942 _cBOOK
999 _c424978
_d424975